| 000 | 00427cam a22001217a 4500 | ||
|---|---|---|---|
| 008 | 180718b1962 xxu||||| |||| 00| 0 eng d | ||
| 082 | _aN5084x42 | ||
| 245 |
_aFire research 1961 _cby Department of Scientific and Industrial Research |
||
| 260 |
_aLondon _bHer Majesty's Stationery Office _c1962 |
||
| 300 | _a89p. | ||
| 500 | _aLibrary has 1956, 1960 and 1961. | ||
| 700 | _aLondon. Department of Scientific and Industrial Research | ||
| 999 |
_c411479 _d411479 |
||